|
|
|
|
| LEADER |
00000cas a2200000 a 4500 |
| 001 |
vtls009524197 |
| 003 |
SK-MaSNL |
| 005 |
20260228160317.0 |
| 008 |
090610d19611966xo x|p 0 b0slo |
| 040 |
|
|
|a SNK
|b slo
|c SNK
|e AACR2
|
| 041 |
0 |
|
|a slo
|
| 044 |
|
|
|a xo
|c SK
|
| 072 |
|
7 |
|a 352/354
|x Stupne miestnej, oblastnej a ústrednej správy
|2 konspekt
|
| 080 |
|
|
|a 352/354
|2 2011
|
| 080 |
|
|
|a 050
|2 2001
|
| 080 |
|
|
|a (094.58)
|2 2011
|
| 245 |
0 |
0 |
|a Zbierka smerníc pre národné výbory
|
| 260 |
|
|
|a Bratislava
|b Predsedníctvo vlády (odbor pre národné výbory)
|c 1961-1966
|e Bratislava
|f Západoslovenské tlačiarne
|
| 300 |
|
|
|a zv.
|
| 310 |
|
|
|a Nepravidelne
|
| 362 |
0 |
|
|a Roč. 1 (1961)-roč. 6 (1966)
|
| 650 |
0 |
7 |
|a národné výbory
|2 SNKPH
|9 59059
|
| 655 |
|
7 |
|a smernice
|2 SNKPH
|9 26899
|
| 780 |
0 |
0 |
|t Zbierka inštrukcií pre výkonné orgány národných výborov
|
| 910 |
|
|
|a snk
|
| 999 |
|
|
|c 2121
|d 4051
|
| 952 |
|
|
|0 0
|1 0
|4 0
|7 0
|a SNK
|b SNK
|d 2022-09-16
|i snkČSP 458/66
|l 0
|o snkČSB 1543/1964 D1
|p 17A1348549
|r 2026-02-21 20:02:04
|t č. 1-42
|w 2026-02-21
|y PREZ
|
| 952 |
|
|
|0 0
|1 0
|4 0
|7 0
|a SNK
|b SNK
|d 2009-06-10
|i snkČSP 472/67
|l 0
|o snkČSB 1543/1965
|p 17A0621920
|r 2026-02-21 20:50:06
|t č. 1-26
|w 2026-02-21
|y PREZ
|
| 952 |
|
|
|0 0
|1 0
|4 0
|7 0
|a SNK
|b SNK
|d 2009-06-10
|i snkČSP 1904/76
|l 0
|o snkČSB 1543/1961
|p 17A0621968
|r 2026-02-21 20:50:06
|t č. 1-52, neúplné
|w 2026-02-21
|y PREZ
|z Chýba č. 2, 21, 25
|
| 952 |
|
|
|0 0
|1 0
|4 0
|7 0
|a SNK
|b SNK
|d 2014-07-25
|i snkČSP 1240/67
|l 0
|o snkČSB 1543/1966
|p 17A0768024
|r 2026-02-21 21:33:13
|t č. 1-11
|w 2026-02-21
|y PREZ
|
| 952 |
|
|
|0 0
|1 0
|4 0
|7 0
|a SNK
|b SNK
|d 2014-07-25
|i snkČSP 1241/67
|l 0
|o snkČSB 1543/1966 D1
|p 17A1075789
|r 2026-02-21 21:33:13
|t č. 1-11
|w 2026-02-21
|y PREZ
|